Pays du Monde - Carte Quiz - Statistiques

Statistiques générales
  • Ce quiz a été pris 52 234 fois
  • Le résultat moyen est 75 sur 196
Réponses sur la Carte
Les réponses sont colorées sur une échelle allant du rouge au vert en fonction du pourcentage des utilisateurs qui les ont devinées à leur premier essai. Vous pouvez retrouver ces pourcentages ci-dessous.
 
Statistiques - réponses
Réponse % Correct
Canada
83%
États-Unis
83%
Mexique
78%
Brésil
65%
Argentine
63%
Algérie
61%
Afrique du Sud
59%
Chili
59%
Allemagne
58%
Australie
57%
Espagne
54%
France
54%
Chine
53%
Égypte
53%
Russie
53%
Belgique
52%
Maroc
52%
Colombie
51%
Inde
50%
Italie
50%
Pérou
50%
Portugal
50%
Bolivie
49%
Corée du Sud
49%
Danemark
49%
Équateur
49%
Japon
49%
Royaume-Uni
49%
Tunisie
49%
Venezuela
49%
Arabie saoudite
48%
Corée du Nord
48%
Irlande
48%
Islande
48%
Madagascar
48%
Cuba
47%
Panama
47%
Paraguay
47%
Uruguay
47%
Andorre
46%
Autriche
46%
Finlande
46%
Grèce
46%
Libye
46%
Nouvelle-Zélande
46%
Pays-Bas
46%
Pologne
46%
Suisse
46%
Biélorussie
45%
Luxembourg
45%
Mongolie
45%
Norvège
45%
Ukraine
45%
Suède
44%
Turquie
44%
Indonésie
43%
Bahamas
42%
Belize
42%
Cap Vert
42%
Chypre
42%
Estonie
42%
Soudan
42%
Suriname
42%
Afghanistan
41%
Albanie
41%
Croatie
41%
Guyana
41%
Kazakhstan
41%
Malte
41%
Roumanie
41%
Sri Lanka
41%
Costa Rica
40%
Éthiopie
40%
Guatemala
40%
Haïti
40%
Lettonie
40%
Mali
40%
Monaco
40%
Somalie
40%
Angola
39%
Bangladesh
39%
Djibouti
39%
Émirats arabes unis
39%
Érythrée
39%
Jamaïque
39%
Mauritanie
39%
Népal
39%
Pakistan
39%
Philippines
39%
République Démocratique du Congo
39%
République Tchèque
39%
Soudan du Sud
39%
Bulgarie
38%
Irak
38%
Israël
38%
Lituanie
38%
Papouasie-Nouvelle-Guinée
38%
République Centrafricaine
38%
République Dominicaine
38%
Sénégal
38%
Taïwan
38%
Tchad
38%
Thaïlande
38%
Vietnam
38%
Yémen
38%
Cambodge
37%
Iran
37%
Niger
37%
Oman
37%
Saint-Marin
37%
Salvador
37%
Bhoutan
36%
Birmanie
36%
Bosnie-Herzégovine
36%
Comores
36%
Honduras
36%
Hongrie
36%
Kenya
36%
Laos
36%
Lesotho
36%
Malaisie
36%
Moldavie
36%
Vatican
36%
Arménie
35%
Cameroun
35%
Côte d'Ivoire
35%
Eswatini
35%
Jordanie
35%
Liechtenstein
35%
Maurice
35%
Nicaragua
35%
Nigeria
35%
Syrie
35%
Azerbaïdjan
34%
Burkina Faso
34%
Liban
34%
Macédoine du Nord
34%
Maldives
34%
Mozambique
34%
Namibie
34%
Qatar
34%
Slovénie
34%
Bénin
33%
Botswana
33%
Géorgie
33%
Kosovo
33%
République du Congo
33%
Sao Tomé-et-Principe
33%
Serbie
33%
Seychelles
33%
Slovaquie
33%
Tanzanie
33%
Gambie
32%
Guinée Équatoriale
32%
Koweit
32%
Monténégro
32%
Singapour
32%
Burundi
31%
Gabon
31%
Guinée
31%
Malawi
31%
Ouganda
31%
Togo
31%
Zimbabwe
31%
Ghana
30%
Libéria
30%
Ouzbékistan
30%
Rwanda
30%
Guinée-Bissau
29%
Kirghizistan
29%
Timor Oriental
29%
Zambie
29%
Bahreïn
28%
Sierra Leone
28%
Turkménistan
28%
Brunei
27%
États Fédérés de Micronésie
27%
Kiribati
26%
Tadjikistan
26%
Trinité-et-Tobago
24%
Fidji
23%
Îles Marshall
21%
Palaos
20%
Nauru
19%
Îles Salomon
18%
Antigua-et-Barbuda
17%
Samoa
17%
Barbade
16%
Saint-Vincent et les Grenadines
16%
Tuvalu
16%
Dominique
15%
Grenade
15%
Sainte-Lucie
15%
Tonga
15%
Vanuatu
15%
Saint-Christophe-et-Niévès
13%
Aucun quiz correspondant
Distribution des résultats
% des personnes avec chaque résultat
Percentile par nombre de réponses
Votre historique - résultats
Vous n’avez pas pris ce quiz